Statistiques concernant Top 15 des pays avec les décès de Covid-19 - 18 août 2021

Cliquez ici pour prendre le quiz!

Statistiques générales

  • Ce quiz a été pris 18 fois
  • Le résultat moyen est 10 sur 25

Statistiques - réponses

pays% Correct
Etats-Unis
94%
France
94%
Brésil
88%
Espagne
82%
Italie
76%
Royaume-Uni
71%
Allemagne
65%
Russie
65%
Argentine
59%
Inde
53%
Mexique
53%
Belgique
47%
Colombie
47%
Indonésie
35%
Iran
29%
Croatie
18%
Pérou
18%
Hongrie
12%
Slovaquie
12%
Slovénie
12%
Bulgarie
6%
Macédoine du Nord
6%
Tchèquie
6%
Bosnie-Herzégovine
0%
Paraguay
0%

Distribution des résultats

Percentile par nombre de réponses

% des personnes avec chaque résultat

Votre développement - résultats

Vous n’avez pas pris ce quiz